1406 1367 1988 1263 1095 1858 1586 1413 1959 1523 1545 1485 1482 1990 1696 1040 1447 1721 1309 1384 1045 1816 1330 1736 1089 1296 1571 1773 1215 1095 1563 1011 1544 1446 1718 1258 1072 1394 1302 1691 1389 1026 1768 1013 1560 1894 1244 1134 1639 1641 1410 1119 1974 1885 1643 1669 1562 1992 1493 1312 1113 1177 1111 1145 1892 1105 1687 1784 1738 1937 1243 1412 1299 1134 1409 1846 1652 1880 1334 1512 1813 1527 1843 1159 1980 1961 1701 1027 1777 1793 1608 1708 1661 1022 1614 1221 1151 1926 1059 BCNSPRNW ULIB Ver.6.0+V

เปลี่ยนเป็นภาษาไทย

Change to English
 แสดงรายละเอียดบรรณานุกรม
  กลับหน้าหลัก

Brief Record : Get Marc (ISO 2709) : E-mail record : QR code < ปิดหน้าต่าง
LEADER : 00000nam 2200000uu 4500
001    13399113965
003     ULIB
008    120118s2552||||th 000 0 tha d
020    ^a9789742129026
090    ^aนว.^bอ463ล
100 0  ^aJane Austen
245 00 ^aPride and Prejudice/^cJane Austen
250    ^aพิมพ์ครั้งที่ 1
260    ^aกรุงเทพฯ :^bพิมพ์คำ,^c2552
300    ^a144 หน้า
710 1  ^aซีเอ็ดยูเคชั่น จำกัด
945    ^p125^l0^i18667
995    ^aกัณชพร
999    ^aใช้งานได้ทุกระบบ
รายการนี้ยังไม่มีแท็ก
คุณยังไม่ได้ล็อกอิน คุณสามารถมีกิจกรรมร่วมกับเว็บไซต์ได้ แต่ต้องล็อกอินก่อน ::
  ล็อกอิน

รายการสื่อสารสนเทศ

ลำดับที่ ประเภท เลขเรียก/บาร์โค้ด สถานที่ สถานะ
1. นวนิยาย
นวนิยาย
นว. อ463ล  
  Barcode: 18667
ห้องสมุดวิทยาเขตสวรรค์ประชารักษ์
►นวนิยาย
บนชั้น
  ขอยืม

BibComment


ยังไม่เคยถูกคอมเมนท์

คอมเมนท์ทรัพยากรรายการนี้
  คอมเมนท์: Pride and Prejud..


 Copyright 2026. Bcnsprnw @Library